|
|
|
|
| LEADER |
00693cam a2200193 7i4500 |
| 001 |
0000000856 |
| 005 |
20171108090000.0 |
| 008 |
100323 eng |
| 020 |
|
|
|a 9839950231 (pbk.)
|
| 090 |
0 |
0 |
|a TA165
|b .Z35 1989
|
| 100 |
0 |
|
|a Zainol Anuar Mohd Sharif
|
| 245 |
1 |
0 |
|a Asas kejuruteraan kawalan
|c Zainol Anuar bin Mohd Sharif.
|
| 260 |
|
|
|a Skudai, Johor:
|b UTM,
|c 1989.
|
| 300 |
|
|
|a 134 p.;
|c 24 cm.
|
| 504 |
|
|
|a Includes bibliographical references
|
| 650 |
0 |
0 |
|a Engineering
|
| 997 |
|
|
|a Engineering & Life Sciences, Faculty
|b Engineering, Department
|
| 999 |
|
|
|a 0000000865
|b BOK
|c OPEN SHELF
|e 2nd Floor, Bestari Jaya
|
| 999 |
|
|
|a 0000000867
|b BOK
|c OPEN SHELF
|e 2nd Floor, Bestari Jaya
|